• 首页
  • 本馆介绍
  • 公告通知
  • 最新文献
  • 馆藏检索
  • 电子资源
  • 读者导购
  • 参考咨询
  • 我的图书馆
  • 登录
  • 详细信息显示
  • 放入我的书架
  • 预约/预借图书
  • 作者相关作品
  • 分类相关作品
  • 丛书相关作品
  • 出版社相关作品

书目信息

  • 表格格式
  • 工作单格式
  • 卡片格式
题名:
应用统计方法
    
 
作者: 张绪娥 主编
分册:  
出版信息: 北京   中国人民大学出版社  2013
页数: 280页
开本: 26cm
丛书名:
单 册:
中图分类: C8
科图分类:
主题词: 应用统计学--高等职业教育--教材
电子资源:
ISBN: 978-7-300-15599-9
000 00994nam0 2200253 450
001 338842
005 20150603151013.35
010    @a978-7-300-15599-9@dCNY34.00
100    @a20130329d2013 em y0chiy50 ea
101 0  @achi
102    @aCN@b110000
105    @ay z 000yy
106    @ar
200 1  @a应用统计方法@Aying yong tong ji fang fa@d= Applied statistical methods@f张绪娥主编@zeng
210    @a北京@c中国人民大学出版社@d2013
215    @a280页@d26cm
300    @a21世纪高职高专规划教材 通识课系列 省级精品课程配套教材
330    @a本书以统计工作过程为主线、以经管类专业就业岗位典型工作任务对统计素养与技能的需要为基础来组织与设计内容, 采用项目化编写体例, 共包括六个项目。同时与Excel软件应用紧密结合, 主要有Excel在统计数据整理、统计数据分析中的应用。
510 1  @aApplied statistical methods@zeng
606 0  @a应用统计学@x高等职业教育@j教材
690    @aC8@v5
701  0 @a张绪娥@Azhang xu e@c(女, @f1972)@4主编
801  0 @aCN@b卓展宏图@c20150525
905    @dC8@e118@f5
    
    应用统计方法= Applied statistical methods/张绪娥主编.-北京:中国人民大学出版社,2013
    280页;26cm
    21世纪高职高专规划教材 通识课系列 省级精品课程配套教材
    
    ISBN 978-7-300-15599-9:CNY34.00
    本书以统计工作过程为主线、以经管类专业就业岗位典型工作任务对统计素养与技能的需要为基础来组织与设计内容, 采用项目化编写体例, 共包括六个项目。同时与Excel软件应用紧密结合, 主要有Excel在统计数据整理、统计数据分析中的应用。
●
相关链接 在E读中查询图书 在五车中查询图书 在当当中查询图书 在豆瓣中查询图书


正题名:应用统计方法     索取号:C8/118         预约/预借

序号 登录号 条形码 馆藏地/架位号 状态 备注
1 860808   208608087   第一样本阅览室/ [索取号:C8/118] 在馆    
2 860809   208608096   第一借阅区/ [索取号:C8/118] 在馆    
3 860810   208608103   第一借阅区/ [索取号:C8/118] 在馆    
4 860811   208608112   第一借阅区/ [索取号:C8/118] 在馆    
5 860812   208608121   第一借阅区/ [索取号:C8/118] 在馆    
唐山师范学院图书馆 欢迎您!
大连网信软件有限公司© 版权所有